Hornické muzeum Příbram : největší hornické muzeum v České republice = Mining Museum Příbram : the biggest mining museum in the Czech Republic = Bergbaumuseum Příbram : das grösste Bergbaumuseum der Tschechischen Republik /

Hlavní autor: Velfl, Josef, 1956-
Jazyk: Němčina
Čeština
Angličtina
Vydáno: Příbram : Hornické muzeum Příbram, [2010?]
Témata:
Fyzický popis: 1 složený l. ([12] s.) : il., 1 plán ; 21 cm
Language note: Souběžný anglický a německý text
Knihy
Uloženo v:
LEADER 01739nam a2200433 a 4500
001 nkc20102130304
003 CZ PrNK
005 20101126142033.0
007 ta
008 101007s2010 xr ae e f 000 0 cze
015 |a cnb002130304 
020 |q (Skládanka) 
040 |a BOA001  |b cze 
041 1 |a cze  |a eng  |a ger  |h cze 
043 |a e-xr---  |b e-xr-st  |2 czenas 
072 7 |a 622  |x Hornictví  |2 Konspekt  |9 19 
080 |a 069:622  |2 MRF 
080 |a 622(091)  |2 MRF 
080 |a 904:62  |2 MRF 
080 |a (437.312)  |2 MRF 
080 |a (036)  |2 MRF 
100 1 |a Velfl, Josef,  |d 1956-  |7 xx0002684  |4 aut 
245 1 0 |a Hornické muzeum Příbram :  |b největší hornické muzeum v České republice = Mining Museum Příbram : the biggest mining museum in the Czech Republic = Bergbaumuseum Příbram : das grösste Bergbaumuseum der Tschechischen Republik /  |c [text Josef Velfl ; fotografie Grantišek Gahler ... et al.] 
246 3 1 |a Mining Museum Příbram 
246 3 1 |a Bergbaumuseum Příbram 
260 |a Příbram :  |b Hornické muzeum Příbram,  |c [2010?] 
300 |a 1 složený l. ([12] s.) :  |b il., 1 plán ;  |c 21 cm 
546 |a Souběžný anglický a německý text 
650 0 7 |a hornická muzea  |7 ph250797  |z Česko  |2 czenas 
650 0 7 |a dějiny hornictví  |7 ph488941  |z Česko  |2 czenas 
650 0 7 |a technické památky  |7 ph126474  |z Česko  |2 czenas 
655 7 |a informační publikace  |7 fd132454  |2 czenas 
610 2 7 |a Hornické muzeum (Příbram, Česko)  |7 ko2005264417  |2 czenas 
651 7 |a Příbram (Česko)  |7 ge130586  |2 czenas 
910 2 |a BOA001  |b 2-1246.723 
990 |a BK 
995 |a 60 
991 |b 201011  |e n 
996 6 |b 2610451382  |c 2-1246.723  |l MZK  |r Sklad / do 1 hodiny  |n 3  |p p.v.  |w 001152471  |u 000010  |a 1  |e BOA001  |j MZK50  |s P